Outsourcing ako jedna z možností manažmentu pohľadávok v podniku bakalárska práca

Na minha lista:
Detalhes bibliográficos
Autor principal: Hroš, Martin
Autor Corporativo: Fakulta podnikového manažmentu EU. Katedra podnikovohospodárska
Outros Autores: Divincová, Alexandra
Formato: Livro
Idioma:eslovaco
Publicado em: Bratislava 2015
Tags: Adicionar Tag
Sem tags, seja o primeiro a adicionar uma tag!

MARC

LEADER 00000nbm a2200000 4500
001 0202854
005 20161212101634.4
041 0 |a slo 
044 |a SK 
245 1 0 |a Outsourcing ako jedna z možností manažmentu pohľadávok v podniku  |b bakalárska práca  |c Martin Hroš ; školiteľ: Alexandra Divincová 
264 1 |a Bratislava  |c 2015 
300 |a 63 s. 
100 1 |a Hroš, Martin 
700 1 |a Divincová, Alexandra 
710 2 |a Fakulta podnikového manažmentu EU. Katedra podnikovohospodárska